| 000 | 00563nam a2200169 a 4500 | ||
|---|---|---|---|
| 005 | 20231013063550.0 | ||
| 008 | 991125s1950 mx 000 0 spa u | ||
| 035 | _aUPN01000004480 | ||
| 049 | _aLT | ||
| 050 | 4 |
_aLB1583 M6.6 _bM6.3b |
|
| 100 | 1 |
_aMonroy Padilla, Salvador _929364 |
|
| 245 | 1 | 0 |
_aArreglo de geografía universal : _bpara el sexto año de instrucción primaria / _cSalvador Monroy Padilla. |
| 260 |
_aMéxico : _bMonroy Padilla, _c[1950?]. |
||
| 300 |
_a110 p. : _bil. |
||
| 650 | 4 |
_aGeografía _xEstudio y enseñanza (Elemental) _92801 |
|
| 905 | _aLibro | ||
| 999 |
_c4480 _d4480 |
||